00785nam a2200217 a 450000100060000000300090000600500170001500800410003202000180007303500150009104000280010604100080013408200160014210000310015824500990018926000490028830000320033750500920036965000440046165000620050525292CO-ViMGA20230915223753.0141112s2004 ck r 000 u spa d a9786077686194 aAHC5211 LA aCO-ViMGAbspacCO-ViMGA aspa04a004.1 F27i1 aFerreyra Cortés, Gonzalo10aInformática : bInformático Certificado / cGonzalo Ferreyra Cortés / cGabriela Alfie ; aMéxico : bAlfaomega Grupo Editor, c2009. a3 vol. : il. ; 28 cm. + CD avol. 1 : Windows Vista - vol. 2 : redes e internet - vol. 3 : Bases de datos con Access14aInformática - Enseñanza secundaria 14aTecnologías de la Información y la Comunicación TIC